MARC details
| 000 -LÍDER |
| campo de controle de tamanho fixo |
01911nam a2200325 4500 |
| 001 - NÚMERO DE CONTROLE |
| campo de controle |
242 |
| 003 - IDENTIFICADOR DO NÚMERO DE CONTROLE |
| campo de controle |
OSt |
| 005 - DATA E HORÁRIO DA ÚLTIMA TRANSAÇÃO |
| campo de controle |
20250528074016.0 |
| 008 - CAMPO DE DADOS FIXOS--INFORMAÇÃO GERAL |
| campo de controle de tamanho fixo |
250206b |||||||e |||| 00| 1 eng d |
| 020 ## - ISBN - INTERNATIONAL STANDARD BOOK NUMBER |
| ISBN - International Standard Book Number |
9788532500755 |
| 040 ## - FONTE DA CATALOGAÇÃO |
| Idioma da catalogação |
por |
| 041 ## - CÓDIGO DE IDIOMA |
| Código do idioma do original e/ou traduções intermediárias do texto |
eng |
| Código do idioma do texto/trilha sonora ou título diferente |
por |
| 082 ## - CDD - CLASSIFICAÇÃO DECIMAL DE DEWEY |
| Número de Classificação |
823 |
| Número do exemplar |
F667p |
| 100 1# - ENTRADA PRINCIPAL--NOME PESSOAL |
| Nome pessoal |
Follett, Ken, |
| Datas associadas ao nome |
1949- |
| 9 (RLIN) |
453 |
| 240 ## - TÍTULO UNIFORME |
| Título uniforme |
The pillars of the Earth |
| 245 ## - TÍTULO |
| Título |
Os pilares da Terra - |
| Restante do título |
Volume I / |
| Indicação de responsabilidade, etc. |
Follett, Ken ; Tradução de Paulo Azevedo |
| 260 ## - PUBLICAÇÃO, DISTRIBUIÇÃO, ETC. |
| Local de publicação, distribuição, etc. |
Rio de Janeiro |
| Nome do editor, distribuidor, etc. |
Rocco |
| Data da publicação, distribuição, etc. |
1992 |
| 300 ## - DESCRIÇÃO FÍSICA |
| Extensão |
494 p. |
| 520 ## - NOTA DE RESUMO, ETC. |
| Resumo, etc. |
Emocionante, complexo, pontilhado de coloridos detalhes históricos, Os pilares da terra traça o painel de um tempo conturbado, varrido por conspirações, jogos intrincados de poder, violência e surgimento de uma nova ordem social e cultural. A figura que melhor expressa os ideais que inspiraram Ken Follett a escrever este livro é Philip, prior de Kingsbridge, um homem que luta contra tudo e todos para construir um templo grandioso a Deus. Mas a galeria de personagens que gravitam em torno da catedral inclui Aliena, a bela herdeira banida de suas terras, Jack, seu amante, Tom, o construtor, William o cavaleiro boçal, e Waleran, o bispo capaz de tudo para pavimentar seu caminho até o lugar do Papa, em Roma. Como painel de fundo, uma Inglaterra sacudida por lutas entre os sucessores prováveis ao trono que Henrique I deixou sem descendentes. Épico que consegue captar simultaneamente o que acontece nos castelos, feiras, florestas e igrejas, Os pilares da terra é a recriação magistral de uma época que nossa imaginação não quer esquecer. |
| 650 #0 - ASSUNTO--TERMO TÓPICO |
| Cabeçalho tópico ou nome geográfico |
Literatura Inglesa |
| 9 (RLIN) |
89 |
| 650 #0 - ASSUNTO--TERMO TÓPICO |
| Cabeçalho tópico ou nome geográfico |
Histórico |
| 9 (RLIN) |
53 |
| 650 #0 - ASSUNTO--TERMO TÓPICO |
| Cabeçalho tópico ou nome geográfico |
Medieval |
| 9 (RLIN) |
170 |
| 650 #0 - ASSUNTO--TERMO TÓPICO |
| Cabeçalho tópico ou nome geográfico |
Religião |
| 9 (RLIN) |
100 |
| 650 #0 - ASSUNTO--TERMO TÓPICO |
| Cabeçalho tópico ou nome geográfico |
Clássicos |
| 9 (RLIN) |
77 |
| 650 #0 - ASSUNTO--TERMO TÓPICO |
| Cabeçalho tópico ou nome geográfico |
Filme |
| 9 (RLIN) |
26 |
| 655 #0 - TERMO DE ÍNDICE--GÊNERO E FORMA |
| Gênero/forma/ou termo foco |
Romance |
| 655 #0 - TERMO DE ÍNDICE--GÊNERO E FORMA |
| Gênero/forma/ou termo foco |
Ficção |
| 700 ## - ENTRADA ADICIONADA - NOME PESSOAL |
| Nome pessoal |
Paulo Azevedo |
| Função do autor por extenso |
Tradutor |
| 9 (RLIN) |
451 |
| 942 ## - ELEMENTOS DE ENTRADA ADICIONADOS (KOHA) |
| Fonte de classificação ou esquema de arquivamento |
Classificação decimal de Dewey |
| Ocultar no OPAC |
Não |
| Tipo de material Koha |
Livros |